000 00664cam a2200217 a 4500
001 000008869
005 20240411074000.0
008 800328s1978 sp b b 000 1 spa
020 _a8435901416
040 _aDO-SdBNP
_bspa
_cLC
_dBNPHU
082 _a863.44
_bC965c
245 0 0 _aCuentos del caribe /
_c[compilador Leonardo Fernández Marcané].
260 _aMadrid :
_bPlayor,
_c1978.
300 _a280 p. :
_bmaps. ;
_c24 cm.
650 0 _aCuentos dominicanos
_9176
650 4 _aCuentos puertorriqueños
_9249
650 4 _aCuentos cubanos
_91482
700 1 _aFernández Marcané, Leonardo.
_923423
910 _aCatalogación por copia / LC
049 _aBNGR
999 _c8638
_d8638